000 00250nam a22001097a 4500
999 _c57948
_d57945
082 _a621.31HUG
100 _aHugher E
245 _aElectrical and electronics technology
260 _aNew Delhi
_bPearson Education
_c2009
300 _a936
942 _cBK